000 01678nam a2200505 i 4500
001 41022
003 KOSZ 005
005 20220315141013.0
008 981002s1998 pl |000 0 pol d
015 _aUWD 1998/14608
020 _a8387286451
035 _a991005594629705066
035 _a(PL-WaBN)b11461494-48omnis_nlop
035 _ab11461494
035 _a(OCoLC)297524411
035 _axx001155980
035 _acc98209728
035 _a(PL)b0000001146149
035 _a(EXLNZ-48OMNIS_NETWORK)9910199660005606
040 _aWA N
_cWA N
_dKR U
_dKOSZ 005/HR
041 1 _apol
_heng
046 _k1998
080 _a341.24
080 _a339.727
080 _a339.542
245 0 0 _aRegulacje handlu i biznesu międzynarodowego.
_nT. 2,
_pMiędzynarodowe transakcje biznesowe /
_cpod red. nauk. Retta R. Ludwikowskiego.
246 3 0 _aMiędzynarodowe transakcje biznesowe
260 _aWarszawa :
_b"ABC",
_c1998.
300 _a526, [1] s. ;
_c24 cm.
336 _aTekst
_btxt
_2rdacontent
337 _aBez urządzenia pośredniczącego
_bn
_2rdamedia
338 _aWolumin
_bnc
_2rdacarrier
380 _aKsiążki
388 _a1901-2000
388 _a1989-2000
504 _aTekst częśc. tł. z ang.
650 7 _aMiędzynarodowy arbitraż handlowy
_2DBN
650 7 _aInwestycje zagraniczne
_2DBN
650 7 _aUmowy międzynarodowe gospodarcze
_2DBN
658 _aGospodarka, ekonomia, finanse
700 1 _aLudwikowski, Rett R.
_d(1943- )
_eRedakcja
856 _uhttp://koha.tu.koszalin.pl/cgi-bin/koha/opac-detail.pl?biblionumber=41022
_yKatalog online BPK
942 _2UKD
_cKS
999 _c41022
_d41022